| 000 | 00580nam a22001937a 4500 | ||
|---|---|---|---|
| 999 |
_c21112 _d21112 |
||
| 003 | OSt | ||
| 005 | 20210819113042.0 | ||
| 008 | 170124b xxu||||| |||| 00| 0 eng d | ||
| 020 | _a0039227197 | ||
| 040 |
_aMMU _beng _cMMU _dMMU |
||
| 050 | _aHB172.5.P744 1999 | ||
| 245 |
_aPrinciples of macroeconomic / _cN.Gregory Mankiw...[at al.]. |
||
| 250 | _a1st canadian ed. | ||
| 260 |
_aNew york: _bHarcourt Canada, _c1999. |
||
| 300 |
_axxxvi, 529 p. : _bill. ; |
||
| 500 | _aIncludes bibliographical and index | ||
| 650 | _aMacroeconomics | ||
| 942 |
_2lcc _cLOAN LOAN _e1st canadian ed. |
||